000 00524nam a2200181Ia 4500
008 151202s9999||||xx |||||||||||||| ||und||
082 _bPNVM-53616
100 _aाुरी विरेंद्र.
245 _aदंश.
260 _b"डिंपल पब्लिकेशन, ठाणे."
260 _c1986
300 _a120
600 _aाुरी विरेंद्र.
630 _aदंश.
700 _aाुरी विरेंद्र.
730 _aदंश.
942 _cBOOK
999 _c1320155
_d1320152